Anime Characters By Their Famous Quotes - Statistics

General Stats
  • This quiz has been taken 300 times
  • The average score is 7 of 16
Answer Stats
Hint Answer % Correct
I'm going to be the king of the pirates! luffy
98%
One for all full cowling deku
71%
I'll take this potato chip... and eat it! light
69%
Believe it naruto
69%
Plus ultra all might
66%
Arise jin woo
63%
You shall know pain pain
61%
I can return by death subaru
44%
Wake up to reality! Nothing ever goes as planned in this accursed world. madara
42%
Yare yare daze Jotaro
40%
I am atomic shadow
37%
Am I sweating? No it's just the rain. These fools could never make me sweat obito
25%
This is exhilerating senku
19%
I suppose beatrice
11%
That's not my knee jiro
8%
Clear mind. Clear spirit. medaka
4%
No matching quizzes found
Score Distribution
Percent of People with Each Score
Percentile by Number Answered
Your Score History
You have not taken this quiz